Recent advances in regression methods

Na minha lista:
Detalhes bibliográficos
Autor principal: Vinod, Hrishikesh D.
Outros Autores: Ullah, Aman
Formato: Livro
Idioma:inglês
Publicado em: New York Dekker 1981
Tags: Adicionar Tag
Sem tags, seja o primeiro a adicionar uma tag!

MARC

LEADER 00000nam a2200000 4500
001 c130232
005 20041019155248.8
041 0 |a eng 
044 |a US 
245 1 0 |a Recent advances in regression methods  |c Hrishikesh D. Vinod, Aman Ullah 
264 1 |a New York  |b Dekker  |c 1981 
300 |a 361 s. 
100 1 |a Vinod, Hrishikesh D. 
700 1 |a Ullah, Aman